Optical communication networks /

Chi tiết về thư mục
Tác giả chính: Mukherjee, Biswanath
Định dạng: Sách
Ngôn ngữ:English
Được phát hành: New York : McGraw-Hill, 1997.
Loạt:McGraw-Hill series on computer communications
Những chủ đề:
Classic Catalogue: View this record in Classic Catalogue
LEADER 02135nam a2200301 a 4500
001 0020219
003 BD-DhAAL
008 100516s1997 nyua b 001 0 eng d
010 |a  97016145  
020 |a 0070444358 (softcover) 
040 |a DLC  |c DLC  |d DLC  |d BD-DhAAL 
082 0 0 |a 621.3827  |2 21 
100 1 |a Mukherjee, Biswanath.  |9 58913 
245 1 0 |a Optical communication networks /  |c Biswanath Mukherjee. 
260 |a New York :  |b McGraw-Hill,  |c 1997. 
300 |a xxxii, 576 p. :  |b ill. ;  |c 25 cm 
490 0 |a McGraw-Hill series on computer communications. 
504 |a Includes bibliographical references (p. 533-563) and index. 
526 |a EEE  |x Md Sayeed Salam Department of Electrical and Electronic Engineering BRAC University Course Name : Communication Services Networks (EEE 513) 
541 1 |a Trim Education  |e 0020219 
650 0 |a Optical communications. 
830 |a McGraw-Hill series on computer communications  |9 9236 
852 4 |a Ayesha Abed Library  |c General Stacks 
942 |2 ddc  |c BK 
999 |c 8556  |d 8556 
952 |0 0  |1 0  |2 ddc  |4 0  |6 621_382700000000000_MUK_1997  |7 0  |9 10164  |a BRACUL  |b BRACUL  |c GEN  |d 2010-05-16  |e Trim Education  |g 6675.00  |l 0  |o 621.3827 MUK  |p 3010020219  |r 2010-05-16  |t 1  |v 13350.00  |w 2010-05-16  |y BK  |x Requisitioned by Md Sayeed Salam (Department of Electrical and Electronic Engineering, BRAC University) for the course named- "Communication Services Networks (EEE 513)" 
952 |0 0  |1 0  |2 ddc  |4 0  |6 621_382700000000000_MUK_1997  |7 0  |9 10165  |a BRACUL  |b BRACUL  |c GEN  |d 2010-05-16  |e Trim Education  |g 6675.00  |l 1  |o 621.3827 MUK  |p 3010020220  |r 2016-11-30  |s 2016-06-28  |t 2  |v 13350.00  |w 2010-05-16  |y BK  |x Requisitioned by Md Sayeed Salam (Department of Electrical and Electronic Engineering, BRAC University) for the course named- "Communication Services Networks (EEE 513)" 
952 |0 0  |1 0  |2 ddc  |4 0  |6 621_382700000000000_MUK_1997  |7 0  |9 10166  |a BRACUL  |b BRACUL  |c GEN  |d 2010-05-16  |e Trim Education  |g 6675.00  |l 0  |o 621.3827 MUK  |p 3010020221  |r 2010-05-16  |t 3  |v 13350.00  |w 2010-05-16  |y BK  |x Requisitioned by Md Sayeed Salam (Department of Electrical and Electronic Engineering, BRAC University) for the course named- "Communication Services Networks (EEE 513)"